[Event "Chigorin Memorial 2018"]
[Site "St. Petersburg"]
[Date "2018.10.29"]
[Round "3.72"]
[White "Gitelson, Arkady"]
[Black "Kiseleva, Arina"]
[Result "0-1"]
[WhiteElo "2264"]
[BlackElo "2027"]
[PlyCount "86"]
[EventDate "2018.10.27"]
[EventType "swiss"]
[EventCountry "RUS"]
[WhiteTeam "Russland"]
[BlackTeam "Russland"]
[WhiteTeamCountry "RUS"]
[BlackTeamCountry "RUS"]

1. Nf3 d5 2. g3 c6 3. Bg2 Nf6 4. O-O Bg4 5. d4 e6 6. Nbd2 Be7 7. Re1 Nbd7 8. e4 dxe4 9. Nxe4 Nxe4 10. Rxe4 Nf6 11. Re1 h6 12. c3 Qc7 13. Qb3 O-O 14. Ne5 Bf5 15. Nc4 Nd5 16. Bd2 Rfd8 17. Rac1 Rac8 18. Ne5 c5 19. c4 Nb4 20. d5 Bd6 21. Bxb4 cxb4 22. Nd3 a5 23. a4 bxa3 24. bxa3 a4 25. Qc3 b5 26. Nb2 Be7 27. Qd2 Bg5 28. f4 Bf6 29. cxb5 Qb6+ 30. Kh1 Rxc1 31. Rxc1 Qxb5 32. Nc4 exd5 33. Na5 Bb2 34. Rc7 Bxa3 35. Rb7 Qc5 36. h4 Bc1 37. Qe1 Be3 38. Rb2 Rc8 39. Re2 d4 40. Nb7 Qa3 41. Qa5 Rc1+ 42. Kh2 Bg1+ 43. Kh1 Bf2+ 0-1

[Event "Chigorin Memorial 2018"]
[Site "St. Petersburg"]
[Date "2018.10.29"]
[Round "3.73"]
[White "Danielyan, Vahe"]
[Black "Poznyak, Nazar"]
[Result "1/2-1/2"]
[WhiteElo "2256"]
[BlackElo "2016"]
[PlyCount "87"]
[EventDate "2018.10.27"]
[EventType "swiss"]
[EventCountry "RUS"]
[WhiteTeam "Armenien"]
[BlackTeam "Russland"]
[WhiteTeamCountry "ARM"]
[BlackTeamCountry "RUS"]

1. e4 c5 2. Nf3 e6 3. Nc3 a6 4. d4 cxd4 5. Nxd4 b5 6. Bd3 Bb7 7. O-O Ne7 8. Be3 Nbc6 9. Kh1 Nxd4 10. Bxd4 Nc6 11. Be3 Be7 12. f4 d6 13. Qf3 Qc7 14. Qh3 Bf6 15. Rad1 Bxc3 16. bxc3 e5 17. f5 f6 18. c4 O-O 19. a4 Nb4 20. cxb5 axb5 21. axb5 Ra3 22. Bb6 Qc3 23. Bf2 Qb2 24. Bc4+ Bd5 25. Bxd5+ Nxd5 26. Rb1 Qa2 27. Rb3 Rxb3 28. Qxb3 Qxb3 29. cxb3 Nc3 30. b6 Nxe4 31. Bg1 d5 32. Re1 Rb8 33. g4 Nc3 34. Bc5 d4 35. Ra1 h6 36. Ra7 Nd5 37. Rd7 Nxb6 38. Rd6 Na8 39. Rd7 Kh7 40. h4 Nb6 41. Rd6 Nc8 42. Rd7 Nb6 43. Rd6 Nc8 44. Rd7 1/2-1/2

[Event "Chigorin Memorial 2018"]
[Site "St. Petersburg"]
[Date "2018.10.29"]
[Round "3.74"]
[White "Nikologorsky, Matfei"]
[Black "Gagare, Shalmali"]
[Result "1/2-1/2"]
[WhiteElo "2235"]
[BlackElo "2013"]
[PlyCount "114"]
[EventDate "2018.10.27"]
[EventType "swiss"]
[EventCountry "RUS"]
[WhiteTeam "Russland"]
[BlackTeam "Indien"]
[WhiteTeamCountry "RUS"]
[BlackTeamCountry "IND"]

1. e4 e5 2. Nf3 Nc6 3. Bb5 a6 4. Ba4 Nf6 5. O-O Be7 6. d3 b5 7. Bb3 d6 8. a4 Bd7 9. Nc3 b4 10. Ne2 Na5 11. Ba2 c5 12. c3 Rb8 13. Ng3 bxc3 14. bxc3 O-O 15. Nd2 Be6 16. f4 exf4 17. Rxf4 d5 18. e5 Nd7 19. Qe2 Qc7 20. Nf3 Nc6 21. Nf5 Bxf5 22. Rxf5 g6 23. Rf4 Ncxe5 24. Bxd5 Nxf3+ 25. Qxf3 Ne5 26. Qe4 Bd6 27. Rh4 Qe7 28. Bh6 Rfe8 29. Rf1 Kh8 30. Rh3 f5 31. Qe2 Ng4 32. Qxe7 Rxe7 33. Bg5 Rd7 34. Be6 Rdb7 35. d4 Rb1 36. Bc1 cxd4 37. cxd4 Re8 38. Bd7 Rd8 39. Be6 Re8 40. Ba2 Ra1 41. Bc4 Rc8 42. Bb2 Rxf1+ 43. Bxf1 Rb8 44. Ba3 Bf4 45. g3 Be3+ 46. Kg2 Rb3 47. Bc5 Rb2+ 48. Kh1 Nf2+ 49. Kg2 Ng4+ 50. Kh1 Nf2+ 51. Kg2 Nxh3+ 52. Kxh3 Bg1 53. g4 f4 54. g5 Bxh2 55. d5 Rc2 56. Bd4+ Kg8 57. d6 f3 1/2-1/2

[Event "Chigorin Memorial 2018"]
[Site "St. Petersburg"]
[Date "2018.10.29"]
[Round "3.75"]
[White "Kruglikov, Alexander"]
[Black "Nikitin, Sergey E."]
[Result "1/2-1/2"]
[WhiteElo "2003"]
[BlackElo "2230"]
[PlyCount "101"]
[EventDate "2018.10.27"]
[EventType "swiss"]
[EventCountry "RUS"]
[WhiteTeam "Russland"]
[BlackTeam "Russland"]
[WhiteTeamCountry "RUS"]
[BlackTeamCountry "RUS"]

1. e4 c6 2. d4 d5 3. Nd2 dxe4 4. Nxe4 Nd7 5. Nf3 Ngf6 6. Ng3 e6 7. Bd3 Bd6 8. O-O O-O 9. Re1 c5 10. Ne4 Nxe4 11. Bxe4 h6 12. c3 Nf6 13. Bc2 cxd4 14. Qxd4 Qe7 15. Qh4 Nd5 16. Qe4 f5 17. Qe2 Kh7 18. Bb3 Nc7 19. Ne5 b5 20. Qf3 g5 21. Bc2 Kg7 22. a4 Qf6 23. Qe2 b4 24. cxb4 Bxb4 25. Bd2 Ba6 26. Bd3 Bxd3 27. Qxd3 Rfd8 28. Qc4 Bxd2 29. Qxc7+ Kg8 30. Re2 Bf4 31. g3 Rac8 32. Qa5 Bxe5 33. Rxe5 f4 34. Rae1 fxg3 35. hxg3 Rf8 36. Qxa7 Rc2 37. R5e2 Qxb2 38. Rxe6 Qg7 39. Re7 Qf6 40. R7e2 Rxe2 41. Rxe2 Qa1+ 42. Kg2 Qd1 43. Qe3 Qxa4 44. Qe6+ Kg7 45. Qe5+ Rf6 46. Rb2 Qc6+ 47. Kh2 Kg6 48. Re2 Qf3 49. Qe8+ Kg7 50. Qe7+ Rf7 51. Qe5+ 1/2-1/2

[Event "Chigorin Memorial 2018"]
[Site "St. Petersburg"]
[Date "2018.10.29"]
[Round "3.76"]
[White "Vasilyev, Alexey"]
[Black "Khusenkhojaev, Mustafokhuja"]
[Result "0-1"]
[WhiteElo "1995"]
[BlackElo "2229"]
[PlyCount "120"]
[EventDate "2018.10.27"]
[EventType "swiss"]
[EventCountry "RUS"]
[WhiteTeam "Russland"]
[BlackTeam "Tadschikistan"]
[WhiteTeamCountry "RUS"]
[BlackTeamCountry "TJK"]

1. e4 e5 2. Nf3 Nc6 3. Bb5 a6 4. Ba4 Nf6 5. d3 b5 6. Bb3 Be7 7. O-O d6 8. c3 O-O 9. Re1 Na5 10. Bc2 c5 11. Nbd2 Nc6 12. Nf1 Be6 13. d4 cxd4 14. cxd4 Bg4 15. d5 Nd4 16. Bd3 Nxf3+ 17. gxf3 Bh3 18. Ng3 g6 19. Bh6 Re8 20. Bf1 Bxf1 21. Rxf1 Nd7 22. Qd2 Nc5 23. Kh1 Bf8 24. b4 Na4 25. Rg1 Kh8 26. Nf5 Ra7 27. Bxf8 Rxf8 28. Qh6 Rg8 29. Rg3 f6 30. Rag1 g5 31. h4 Rg6 32. Qh5 Nc3 33. Re1 Rc7 34. hxg5 fxg5 35. Reg1 Ne2 36. Rxg5 Nxg1 37. Rxg6 Qe8 38. Rg5 Qxh5+ 39. Rxh5 Nxf3 40. Nxd6 Rg7 41. Nf7+ Rxf7 42. Kg2 Ne1+ 43. Kg3 Nd3 44. f3 Kg7 45. Rg5+ Kh6 46. Rg8 Rg7+ 47. Rxg7 Kxg7 48. a3 Kf6 49. Kg4 Nf4 50. Kh4 h5 51. Kg3 Kg5 52. Kf2 h4 53. Kf1 Kf6 54. Kf2 Ke7 55. Kg1 Kd6 56. Kh2 Nd3 57. Kh3 Ne1 58. Kxh4 Nxf3+ 59. Kg4 Nd2 60. Kf5 Nc4 0-1

[Event "Chigorin Memorial 2018"]
[Site "St. Petersburg"]
[Date "2018.10.29"]
[Round "3.77"]
[White "Rudikov, Dmitry"]
[Black "Ageichenko, Genadi A"]
[Result "0-1"]
[WhiteElo "1990"]
[BlackElo "2225"]
[PlyCount "96"]
[EventDate "2018.10.27"]
[EventType "swiss"]
[EventCountry "RUS"]
[WhiteTeam "Russland"]
[BlackTeam "Russland"]
[WhiteTeamCountry "RUS"]
[BlackTeamCountry "RUS"]

1. d4 Nf6 2. c4 e6 3. g3 Bb4+ 4. Bd2 Qe7 5. Bg2 Nc6 6. Nf3 Bxd2+ 7. Qxd2 Ne4 8. Qc2 Qb4+ 9. Nc3 Nxc3 10. Qxc3 Qxc3+ 11. bxc3 Rb8 12. Nd2 Na5 13. O-O b6 14. Be4 Ba6 15. Bd3 Ke7 16. Rab1 Rhc8 17. Rb4 d5 18. cxd5 Bxd3 19. exd3 exd5 20. Nb3 Nxb3 21. Re1+ Kd6 22. Rxb3 c5 23. dxc5+ Rxc5 24. c4 Rbc8 25. Ra3 R8c7 26. cxd5 Rxd5 27. Re8 Rf5 28. Rd8+ Ke7 29. Rd4 a5 30. Rb3 b5 31. Rb1 Re5 32. f4 Re2 33. Re4+ Rxe4 34. dxe4 b4 35. Rb2 Rc4 36. e5 Ke6 37. Kf2 Rc3 38. Rd2 h5 39. Rd6+ Ke7 40. Rd2 g6 41. h3 h4 42. gxh4 Rxh3 43. Kg2 Ra3 44. Rc2 Ke6 45. Rc6+ Kf5 46. Rf6+ Kg4 47. Rxf7 Rxa2+ 48. Kf1 b3 0-1

[Event "Chigorin Memorial 2018"]
[Site "St. Petersburg"]
[Date "2018.10.29"]
[Round "3.78"]
[White "Pogorelskikh, Sergey"]
[Black "Slugin, Yaroslav"]
[Result "1-0"]
[WhiteElo "2224"]
[BlackElo "2009"]
[PlyCount "49"]
[EventDate "2018.10.27"]
[EventType "swiss"]
[EventCountry "RUS"]
[WhiteTeam "Russland"]
[BlackTeam "Russland"]
[WhiteTeamCountry "RUS"]
[BlackTeamCountry "RUS"]

1. e4 d5 2. exd5 Qxd5 3. Nc3 Qd6 4. d4 Nf6 5. Nf3 Bg4 6. h3 Bh5 7. g4 Bg6 8. Ne5 Nbd7 9. Nxg6 hxg6 10. Bg2 c6 11. d5 cxd5 12. Nxd5 O-O-O 13. Bf4 Ne5 14. Qe2 Nxd5 15. Bxe5 Qc5 16. O-O-O e6 17. Rd4 b5 18. Rhd1 Bd6 19. Bxd5 Bxe5 20. Qxe5 exd5 21. Rxd5 Rxd5 22. Rxd5 Qxf2 23. Rc5+ Kb7 24. Qd5+ Kb8 25. Qd6+ 1-0

[Event "Chigorin Memorial 2018"]
[Site "St. Petersburg"]
[Date "2018.10.29"]
[Round "3.79"]
[White "Tsaruk, Maksim"]
[Black "Levicheva, Ekaterina"]
[Result "1-0"]
[WhiteElo "2215"]
[BlackElo "2004"]
[PlyCount "47"]
[EventDate "2018.10.27"]
[EventType "swiss"]
[EventCountry "RUS"]
[WhiteTeam "Weißrussland"]
[BlackTeam "Russland"]
[WhiteTeamCountry "BLR"]
[BlackTeamCountry "RUS"]

1. e4 e6 2. d4 d5 3. Nd2 Nf6 4. e5 Nfd7 5. c3 c5 6. f4 Nc6 7. Ndf3 Be7 8. Bd3 Qc7 9. Ne2 f6 10. O-O Nf8 11. f5 fxe5 12. Nxe5 Nxe5 13. Bf4 Bd6 14. dxe5 Bxe5 15. Bxe5 Qxe5 16. Nf4 Kd8 17. Qf3 g5 18. fxe6 Nxe6 19. Rae1 Nd4 20. Qg3 Qg7 21. cxd4 Qxd4+ 22. Kh1 gxf4 23. Rxf4 Qxb2 24. Rf7 1-0

[Event "Chigorin Memorial 2018"]
[Site "St. Petersburg"]
[Date "2018.10.29"]
[Round "3.80"]
[White "Wartiovaara, Oliver"]
[Black "Nandhidhaa, P V"]
[Result "0-1"]
[WhiteElo "1984"]
[BlackElo "2212"]
[PlyCount "48"]
[EventDate "2018.10.27"]
[EventType "swiss"]
[EventCountry "RUS"]
[WhiteTeam "Finnland"]
[BlackTeam "Indien"]
[WhiteTeamCountry "FIN"]
[BlackTeamCountry "IND"]

1. e4 e5 2. Nf3 Nc6 3. Bc4 Bc5 4. c3 d6 5. d4 exd4 6. cxd4 Bb6 7. O-O Nf6 8. Nc3 Bg4 9. e5 dxe5 10. dxe5 Qxd1 11. Rxd1 Nd7 12. Bf4 O-O-O 13. Bxf7 Bxf3 14. gxf3 Ndxe5 15. Bd5 Rdf8 16. Ne2 g5 17. Bxg5 Nxf3+ 18. Bxf3 Rxf3 19. Bh4 Rg8+ 20. Kh1 Ne5 21. Ng1 Rf5 22. Rd2 Ng4 23. f3 Ne5 24. Rg2 Rxg2 0-1

[Event "Chigorin Memorial 2018"]
[Site "St. Petersburg"]
[Date "2018.10.29"]
[Round "3.81"]
[White "Protasova, Anastasia"]
[Black "Pesotskiy, Mikhail"]
[Result "0-1"]
[WhiteElo "1974"]
[BlackElo "2205"]
[PlyCount "42"]
[EventDate "2018.10.27"]
[EventType "swiss"]
[EventCountry "RUS"]
[WhiteTeam "Russland"]
[BlackTeam "Russland"]
[WhiteTeamCountry "RUS"]
[BlackTeamCountry "RUS"]

1. d4 Nf6 2. c4 e6 3. Nf3 a6 4. Nc3 d5 5. b3 c5 6. cxd5 exd5 7. g3 Nc6 8. Bg2 Bg4 9. dxc5 Bxc5 10. O-O d4 11. Na4 Ba7 12. Bf4 O-O 13. h3 Be6 14. Rc1 Bd5 15. Qc2 Rc8 16. Qb2 Qe7 17. Qd2 Rfe8 18. Rfe1 Ne4 19. Qc2 Nxf2 20. Kh2 Qd7 21. Qd2 Ne4 0-1

[Event "Chigorin Memorial 2018"]
[Site "St. Petersburg"]
[Date "2018.10.29"]
[Round "3.82"]
[White "Zaichikov, Andrey"]
[Black "Mkrtchyan, Mariam"]
[Result "0-1"]
[WhiteElo "2202"]
[BlackElo "2001"]
[PlyCount "50"]
[EventDate "2018.10.27"]
[EventType "swiss"]
[EventCountry "RUS"]
[WhiteTeam "Russland"]
[BlackTeam "Armenien"]
[WhiteTeamCountry "RUS"]
[BlackTeamCountry "ARM"]

1. e4 d6 2. Nf3 g6 3. Nc3 Bg7 4. g3 e5 5. d4 exd4 6. Nxd4 Bd7 7. Bg2 Nc6 8. Be3 Nf6 9. h3 O-O 10. Qd2 Re8 11. O-O-O Rb8 12. f4 a6 13. Rhe1 Na5 14. Qd3 b5 15. e5 dxe5 16. fxe5 Rxe5 17. b4 c5 18. bxa5 cxd4 19. Qxd4 Qe7 20. Bd2 Qa3+ 21. Kb1 Rc5 22. Re3 Rc4 23. Ne4 Qa4 24. Nxf6+ Bxf6 25. Qd3 Bf5 0-1

[Event "Chigorin Memorial 2018"]
[Site "St. Petersburg"]
[Date "2018.10.29"]
[Round "3.83"]
[White "Putrenko, Kirill"]
[Black "Shkurkin, Andrey"]
[Result "1/2-1/2"]
[WhiteElo "1955"]
[BlackElo "2201"]
[PlyCount "71"]
[EventDate "2018.10.27"]
[EventType "swiss"]
[EventCountry "RUS"]
[WhiteTeam "Russland"]
[BlackTeam "Russland"]
[WhiteTeamCountry "RUS"]
[BlackTeamCountry "RUS"]

1. d4 Nf6 2. c4 c5 3. d5 b5 4. cxb5 a6 5. bxa6 g6 6. Nc3 Bg7 7. e4 O-O 8. Bb5 Qa5 9. Qa4 Qb6 10. Nge2 Nxa6 11. Bxa6 Bxa6 12. Qc2 Rfb8 13. O-O Ng4 14. h3 Ne5 15. Rd1 Bc4 16. f4 Bb3 17. axb3 Rxa1 18. fxe5 c4+ 19. Kh1 cxb3 20. Qd3 Bxe5 21. Rf1 Rba8 22. Qf3 f6 23. Bf4 Qa6 24. Bxe5 Rxf1+ 25. Qxf1 Qa1 26. Nd1 fxe5 27. Nec3 Rf8 28. Qe2 Qc1 29. Kh2 Qf4+ 30. Kg1 Qc1 31. Kh2 Qf4+ 32. Kg1 Qc1 33. Kh2 Qf4+ 34. Kg1 Qc1 35. Kh2 Qf4+ 36. Kg1 1/2-1/2

[Event "Chigorin Memorial 2018"]
[Site "St. Petersburg"]
[Date "2018.10.29"]
[Round "3.84"]
[White "Bajaramov, Elvin"]
[Black "Chibukhchyan, Erik"]
[Result "0-1"]
[WhiteElo "1950"]
[BlackElo "2200"]
[PlyCount "82"]
[EventDate "2018.10.27"]
[EventType "swiss"]
[EventCountry "RUS"]
[WhiteTeam "Russland"]
[BlackTeam "Russland"]
[WhiteTeamCountry "RUS"]
[BlackTeamCountry "RUS"]

1. e4 c5 2. Nf3 e6 3. Nc3 a6 4. d4 cxd4 5. Nxd4 b5 6. Be3 Bb7 7. f3 d6 8. Qd2 Nf6 9. O-O-O Nbd7 10. g4 Nb6 11. h4 Rc8 12. g5 Nfd7 13. h5 Qc7 14. Bd3 Ne5 15. Qe2 Nbc4 16. Nb1 Nxd3+ 17. Rxd3 Nxe3 18. Rxe3 Qc5 19. Qd2 Qxg5 20. Nc3 Be7 21. Nce2 O-O 22. f4 Qh6 23. Rg1 Kh8 24. e5 dxe5 25. Rxe5 Bf6 26. Re3 Rfd8 27. Rc3 Rxc3 28. bxc3 Qxh5 29. Qe3 h6 30. Rd1 Qd5 31. Kb1 Qc4 32. Qd3 Qxd3 33. cxd3 b4 34. Kc2 bxc3 35. Nb3 Bf3 36. Re1 Bh4 37. Ng1 Bxe1 38. Nxf3 Bd2 39. Nfxd2 cxd2 40. Nxd2 Rd5 41. Kc3 h5 0-1

[Event "Chigorin Memorial 2018"]
[Site "St. Petersburg"]
[Date "2018.10.29"]
[Round "3.85"]
[White "Pierecker, Markus"]
[Black "Yudkevich, Mikhail"]
[Result "1-0"]
[WhiteElo "2180"]
[BlackElo "1993"]
[PlyCount "57"]
[EventDate "2018.10.27"]
[EventType "swiss"]
[EventCountry "RUS"]
[WhiteTeam "Österreich"]
[BlackTeam "Russland"]
[WhiteTeamCountry "AUT"]
[BlackTeamCountry "RUS"]

1. d4 f5 2. Bf4 Nf6 3. e3 g6 4. h4 c6 5. h5 Bg7 6. h6 Bf8 7. Nd2 d6 8. Bc4 d5 9. Bd3 Be6 10. c3 Nbd7 11. Ngf3 Bg8 12. Ne5 e6 13. Ndf3 Be7 14. Qc2 Nxe5 15. Nxe5 Bf7 16. f3 O-O 17. O-O-O Be8 18. g4 Kh8 19. Rdg1 Nd7 20. Qh2 Bf6 21. gxf5 exf5 22. e4 fxe4 23. fxe4 dxe4 24. Bxe4 Qe7 25. Rf1 Bf7 26. Nxd7 Qxd7 27. Be5 Bxe5 28. Qxe5+ Kg8 29. Qg7# 1-0

[Event "Chigorin Memorial 2018"]
[Site "St. Petersburg"]
[Date "2018.10.29"]
[Round "3.86"]
[White "Razumovskiy, Mikhail"]
[Black "Ivanov, Platon-Jaan"]
[Result "1/2-1/2"]
[WhiteElo "1944"]
[BlackElo "2176"]
[PlyCount "95"]
[EventDate "2018.10.27"]
[EventType "swiss"]
[EventCountry "RUS"]
[WhiteTeam "Russland"]
[BlackTeam "Estland"]
[WhiteTeamCountry "RUS"]
[BlackTeamCountry "EST"]

1. d4 Nf6 2. c4 g6 3. f3 d5 4. cxd5 Nxd5 5. e4 Nb6 6. Nc3 Bg7 7. Be3 O-O 8. Qd2 Nc6 9. O-O-O Qd6 10. Nb5 Qd7 11. Bh6 Bxh6 12. Qxh6 a6 13. Nc3 Nxd4 14. f4 f6 15. Nf3 c5 16. h4 e5 17. fxe5 fxe5 18. h5 Qg7 19. hxg6 Qxg6 20. Nxe5 Qxh6+ 21. Rxh6 Be6 22. Nf3 Rae8 23. Ng5 Re7 24. Bd3 Rf2 25. Rdh1 Rxg2 26. Nxh7 Nd7 27. Nd5 Reg7 28. Nhf6+ Nxf6 29. Rxf6 Rg1+ 30. Rxg1 Rxg1+ 31. Kd2 Rg5 32. Rf2 Bxd5 33. exd5 Kg7 34. Be4 Nb5 35. Bh1 Nd6 36. Re2 Kf7 37. b3 Rg3 38. Re6 Rg6 39. Re5 Kf6 40. Re2 Kf7 41. Bf3 Rf6 42. Bh5+ Kg7 43. Re7+ Kh6 44. Bg4 Kg5 45. Be6 Rf2+ 46. Kd3 Kf6 47. Rd7 Ke5 48. a4 1/2-1/2

[Event "Chigorin Memorial 2018"]
[Site "St. Petersburg"]
[Date "2018.10.29"]
[Round "3.87"]
[White "Stukan, Martin"]
[Black "Popovich, Alexey"]
[Result "1/2-1/2"]
[WhiteElo "2173"]
[BlackElo "1984"]
[PlyCount "69"]
[EventDate "2018.10.27"]
[EventType "swiss"]
[EventCountry "RUS"]
[WhiteTeam "Russland"]
[BlackTeam "Russland"]
[WhiteTeamCountry "RUS"]
[BlackTeamCountry "RUS"]

1. e4 e5 2. Nf3 Nf6 3. Nxe5 d6 4. Nf3 Nxe4 5. Nc3 Nxc3 6. dxc3 Be7 7. Be3 Nc6 8. Qd2 Be6 9. O-O-O Qd7 10. Kb1 Bf6 11. Bg5 Bxg5 12. Qxg5 f6 13. Qe3 O-O-O 14. Bb5 Bg4 15. Nd4 Qe7 16. Rde1 Qxe3 17. Rxe3 Nxd4 18. cxd4 Bd7 19. Bd3 Rde8 20. Rg3 Re7 21. h4 h5 22. Kc1 Bg4 23. f3 Re3 24. Kd2 Rhe8 25. Rf1 f5 26. Rf2 Kd8 27. fxg4 Rxg3 28. gxh5 Rg4 29. Rxf5 Rxg2+ 30. Kc3 Rg4 31. Rf7 Re7 32. Rf8+ Re8 33. Rf7 Re7 34. Rf8+ Re8 35. Rf7 1/2-1/2

[Event "Chigorin Memorial 2018"]
[Site "St. Petersburg"]
[Date "2018.10.29"]
[Round "3.88"]
[White "Usacheva, Glafira"]
[Black "Hakobyan, Hovhannes H."]
[Result "1/2-1/2"]
[WhiteElo "1939"]
[BlackElo "2168"]
[PlyCount "90"]
[EventDate "2018.10.27"]
[EventType "swiss"]
[EventCountry "RUS"]
[WhiteTeam "Russland"]
[BlackTeam "Armenien"]
[WhiteTeamCountry "RUS"]
[BlackTeamCountry "ARM"]

1. e4 e6 2. d4 d5 3. Nd2 c5 4. exd5 Qxd5 5. Ngf3 cxd4 6. Bc4 Qd8 7. O-O Nf6 8. Nb3 Nc6 9. Nbxd4 Nxd4 10. Nxd4 Bc5 11. Nf3 O-O 12. Bf4 b6 13. Qe2 Bb7 14. c3 Nd5 15. Bg3 Qf6 16. Qe5 Rfd8 17. Rad1 Rac8 18. Bb3 h6 19. Rfe1 b5 20. Bc2 Qxe5 21. Nxe5 Bb6 22. Be4 a5 23. a4 f6 24. Ng6 Kf7 25. axb5 Ba8 26. h4 Rc4 27. Bxd5 Rxd5 28. Nf4 Rxd1 29. Rxd1 e5 30. Nd5 Bxd5 31. Rxd5 Ke6 32. Rd2 f5 33. Re2 f4 34. b3 Rxc3 35. Bxf4 Rc5 36. Be3 Rxb5 37. Bxb6 Rxb6 38. Ra2 Rb5 39. Ra4 h5 40. Kf1 Kf5 41. Ke2 g6 42. g3 e4 43. Rc4 Rxb3 44. Rc5+ Kg4 45. Rxa5 Kh3 1/2-1/2

[Event "Chigorin Memorial 2018"]
[Site "St. Petersburg"]
[Date "2018.10.29"]
[Round "3.89"]
[White "Rubtsov, Aleksandr"]
[Black "Azimov, Ilyas"]
[Result "0-1"]
[WhiteElo "1900"]
[BlackElo "2162"]
[PlyCount "106"]
[EventDate "2018.10.27"]
[EventType "swiss"]
[EventCountry "RUS"]
[WhiteTeam "Russland"]
[BlackTeam "Russland"]
[WhiteTeamCountry "RUS"]
[BlackTeamCountry "RUS"]

1. e4 c5 2. Nf3 d6 3. d4 cxd4 4. Nxd4 Nf6 5. Nc3 Nc6 6. Bg5 Bd7 7. Qd2 Rc8 8. O-O-O Nxd4 9. Qxd4 Qa5 10. Bxf6 gxf6 11. Bc4 Qg5+ 12. Kb1 b5 13. Bb3 Qc5 14. Nd5 Bg7 15. Qd2 h5 16. Rhe1 e6 17. Ne3 Ke7 18. Qe2 Rc7 19. Rd3 b4 20. Nf5+ exf5 21. Rd5 Qb6 22. exf5+ Kd8 23. Qe7+ Kc8 24. Qxf7 Qxf2 25. Red1 Bc6 26. Qe6+ Kb7 27. Rxd6 Qc5 28. a4 Re8 29. Rxc6 Qxc6 30. Bd5 Rxe6 31. fxe6 Re7 32. Rd4 a5 33. Bxc6+ Kxc6 34. Rh4 Rxe6 35. Rxh5 Re5 36. Rh7 Rg5 37. g3 f5 38. Ka2 Be5 39. Rf7 Rh5 40. Kb3 Kd5 41. Ra7 Rxh2 42. Rxa5+ Ke4 43. Ra8 Rh3 44. Kxb4 Rxg3 45. a5 f4 46. c3 f3 47. a6 Rg7 48. a7 Rf7 49. Kb5 f2 50. Rd8 f1=Q+ 51. Kb6 Qf2+ 52. Kc6 Qxa7 53. b4 Qa6+ 0-1

[Event "Chigorin Memorial 2018"]
[Site "St. Petersburg"]
[Date "2018.10.29"]
[Round "3.90"]
[White "Vunder, Andrey"]
[Black "Ismagilov, Igor"]
[Result "1/2-1/2"]
[WhiteElo "2162"]
[BlackElo "1979"]
[PlyCount "115"]
[EventDate "2018.10.27"]
[EventType "swiss"]
[EventCountry "RUS"]
[WhiteTeam "Russland"]
[BlackTeam "Russland"]
[WhiteTeamCountry "RUS"]
[BlackTeamCountry "RUS"]

1. d4 c5 2. d5 g6 3. e4 Bg7 4. Nf3 d6 5. Be2 Nf6 6. Nc3 O-O 7. O-O Na6 8. h3 Nc7 9. a4 e6 10. dxe6 Nxe6 11. Bc4 Qe7 12. Re1 Rd8 13. Nd5 Qf8 14. Ng5 Nxd5 15. Bxd5 h6 16. Nxe6 Bxe6 17. Ra3 Bxd5 18. Qxd5 Qe7 19. Rd3 b6 20. Bf4 Bf8 21. Red1 Qf6 22. Rf3 Qe7 23. c3 Rac8 24. Qc4 Qe6 25. Rd5 Re8 26. Re3 Rcd8 27. Qd3 Qf6 28. Bg3 h5 29. Re1 Qe6 30. f3 Rd7 31. e5 c4 32. Qxc4 dxe5 33. Rexe5 Rxd5 34. Qxd5 Bc5+ 35. Kh2 Qc8 36. Rxe8+ Qxe8 37. Be5 Be7 38. Qe4 Qd7 39. Qa8+ Bf8 40. Qe4 Qe6 41. h4 Be7 42. Qa8+ Bf8 43. Bg3 Qd7 44. Qe4 Bd6 45. Qd4 Bxg3+ 46. Kxg3 Qc7+ 47. Qf4 Qe7 48. Kf2 Qc5+ 49. Qd4 Qf5 50. Qe4 Qc5+ 51. Kg3 Qd6+ 52. Qf4 Qd1 53. Qd4 Qc2 54. Qb4 Qd2 55. b3 Qe1+ 56. Kh2 Qe5+ 57. Kh3 Qe6+ 58. Kg3 1/2-1/2

[Event "Chigorin Memorial 2018"]
[Site "St. Petersburg"]
[Date "2018.10.29"]
[Round "3.91"]
[White "Dmitriev, Leonid"]
[Black "Pujari, Rucha"]
[Result "0-1"]
[WhiteElo "1818"]
[BlackElo "2160"]
[PlyCount "140"]
[EventDate "2018.10.27"]
[EventType "swiss"]
[EventCountry "RUS"]
[WhiteTeam "Russland"]
[BlackTeam "Indien"]
[WhiteTeamCountry "RUS"]
[BlackTeamCountry "IND"]

1. d4 d5 2. c4 e6 3. Nf3 Nf6 4. g3 Bb4+ 5. Bd2 Be7 6. Bg2 O-O 7. O-O c6 8. Bc3 dxc4 9. Ne5 b5 10. Nxc6 Nxc6 11. Bxc6 Rb8 12. b4 a5 13. a3 axb4 14. axb4 Rb6 15. Bg2 Nd5 16. Bxd5 exd5 17. Nd2 Bh3 18. Re1 f5 19. f4 g5 20. e3 Bg4 21. Qc2 Re6 22. Nf1 Bf3 23. Ra5 Qe8 24. Qf2 Be4 25. Nd2 g4 26. Rea1 Bd8 27. R5a3 Bd3 28. Re1 Qc6 29. Nf1 Rfe8 30. Bd2 Bb6 31. Bc3 R8e7 32. Qd2 Qe8 33. Bb2 Be4 34. Qf2 Kg7 35. Qd2 Qd7 36. Bc3 Re8 37. Re2 Qe7 38. Re1 Kg8 39. Bb2 Bd3 40. Kf2 Re4 41. Ba1 h5 42. Bb2 h4 43. Ba1 Bc7 44. Bb2 Bd6 45. Bc3 Bxf1 46. Kxf1 Rxe3 47. Rxe3 Qxe3 48. Qxe3 Rxe3 49. Kf2 Rf3+ 50. Kg2 h3+ 51. Kg1 Kf7 52. Ra7+ Ke6 53. Be1 c3 54. Ra6 Kd7 55. Ra7+ Kc6 56. Ra6+ Kc7 57. Ra2 Bxb4 58. Rc2 Ba5 59. Bf2 Bb6 60. Kh1 b4 61. Bg1 b3 62. Rc1 b2 63. Re1 Kd7 64. Re2 b1=B 65. Re1 Be4 66. Rxe4 fxe4 67. f5 c2 68. f6 c1=Q 69. f7 Qxg1+ 70. Kxg1 Bxd4+ 0-1

[Event "Chigorin Memorial 2018"]
[Site "St. Petersburg"]
[Date "2018.10.29"]
[Round "3.92"]
[White "Postnikov, Roman"]
[Black "Pestryakov, Nikita"]
[Result "1/2-1/2"]
[WhiteElo "2158"]
[BlackElo "1959"]
[PlyCount "82"]
[EventDate "2018.10.27"]
[EventType "swiss"]
[EventCountry "RUS"]
[WhiteTeam "Russland"]
[BlackTeam "Russland"]
[WhiteTeamCountry "RUS"]
[BlackTeamCountry "RUS"]

1. d4 d5 2. c4 e6 3. Nf3 c6 4. Qc2 Nf6 5. e3 Bd6 6. b3 Nbd7 7. Bd3 O-O 8. O-O e5 9. cxd5 cxd5 10. dxe5 Nxe5 11. Nbd2 Bg4 12. Be2 Rc8 13. Qd1 Ne4 14. Bb2 Nxd2 15. Nxd2 Bxe2 16. Qxe2 Rc2 17. Rab1 Qa5 18. Nc4 Rxe2 19. Nxa5 b6 20. Bxe5 Bxe5 21. Nc6 Bf6 22. a4 a5 23. Rfd1 Rc2 24. Nd4 Rc5 25. b4 Rc4 26. bxa5 bxa5 27. Rb5 Bxd4 28. exd4 Rxa4 29. Rxd5 Re8 30. g3 g6 31. Rc5 Re2 32. Rc3 Raa2 33. Rf3 Rad2 34. Rc1 Re7 35. Ra1 Rxd4 36. Rxa5 Kg7 37. Kg2 h5 38. h4 Rc4 39. Ra6 Rce4 40. Raf6 R4e6 41. Rxe6 Rxe6 1/2-1/2

[Event "Chigorin Memorial 2018"]
[Site "St. Petersburg"]
[Date "2018.10.29"]
[Round "3.93"]
[White "Sokolov, Ilia"]
[Black "Tskhadadze, Anna"]
[Result "1/2-1/2"]
[WhiteElo "2150"]
[BlackElo "1952"]
[PlyCount "87"]
[EventDate "2018.10.27"]
[EventType "swiss"]
[EventCountry "RUS"]
[WhiteTeam "Russland"]
[BlackTeam "Russland"]
[WhiteTeamCountry "RUS"]
[BlackTeamCountry "RUS"]

1. Nf3 d5 2. g3 Nf6 3. Bg2 e6 4. O-O Be7 5. d3 b6 6. Nfd2 c5 7. e4 Nc6 8. Re1 Qc7 9. Nc3 d4 10. Nb5 Qd7 11. e5 Nd5 12. Qg4 O-O 13. Bxd5 exd5 14. Qxd7 Bxd7 15. Nc7 Rac8 16. Nxd5 Rfe8 17. Nc4 Bf8 18. b3 Be6 19. Nf4 Bxc4 20. bxc4 Rxe5 21. Rxe5 Nxe5 22. Kg2 Re8 23. Bd2 Ng4 24. Re1 Rxe1 25. Bxe1 Ne5 26. Nd5 Bd6 27. Bd2 f6 28. f4 Nc6 29. f5 Kf7 30. g4 h6 31. h3 Be5 32. Kf3 Ke8 33. Ke4 Kd7 34. a3 Nd8 35. Bf4 Nf7 36. h4 Kd6 37. a4 Bxf4 38. Kxf4 Kd7 39. Kg3 Ne5 40. Nf4 Nc6 41. Nd5 Ne5 42. Kf4 Nf7 43. Ke4 Nd6+ 44. Kf4 1/2-1/2